banner-ar

ISO AND ANSI: ECONOMIC STANDARDS FOR COMPUTER PRODUCTS: A GUIDE TO IMPLEMENTAION AND\ COMPLIANCE / (Record no. 13883)

MARC details
000 -الفاتح
حقل البيانات ثابتة الطول 00565nam a2200181Ia 4500
008 - عناصر البيانات ثابتة الطول - معلومات عامة
حقل البيانات ثابتة الطول 140319s9999 xx 000 0 eng d
040 ## - مصدر الفهرسة
وكالة الفهرسة الأصلية GCL /
وكالة النسخ GCL
082 04 - رقم تصنيف ديوى العشرى
رقم التصنيف 004.019
رقم المادة S I
100 1# - المدخل الرئيسى - إسم شخصى
الإسم الشخصى SMITH, WANDA J
245 10 - بيان العنوان
العنوان ISO AND ANSI: ECONOMIC STANDARDS FOR COMPUTER PRODUCTS: A GUIDE TO IMPLEMENTAION AND\ COMPLIANCE /
بيان المسئوليه,etc SMITH, WANDA J
260 ## - PUBLICATION, DISTRIBUTION, ETC. (IMPRINT)
تاريخ النشر أو التوزيع 1996
300 ## - الوصف المادى
التعداد 334 P
650 04 - المدخل الاضافى بالموضوع-مصطلح موضوعى
مصطلح موضوعي COMPUTER SOFTWARE
650 04 - المدخل الاضافى بالموضوع-مصطلح موضوعى
مصطلح موضوعي ELECTRONIC DIGITAL COMPUTERS
650 04 - المدخل الاضافى بالموضوع-مصطلح موضوعى
مصطلح موضوعي HUMAN FACTORS - STANDARDS
942 ## - عناصر المدخل الإضافي( كوها)
مصدر التصنيف او مخطط الترفيف Dewey Decimal Classification
Koha [default] item type كتاب
260 ## - PUBLICATION, DISTRIBUTION, ETC. (IMPRINT)
-- [S.N] :
-- PRENTICE HALL PTR ،
Holdings
حالة التراجع حالة الفقد حالة تلف ليس للاعارة المكان المؤقت الموقع الحالى تاريخ الاكتساب اجمالي اﻻعارات رقم الطلب الباركود تاريخ اخر مشاهدة تاريخ تفعيل السعر نوع وعاء كوها
        مكتبة القاهرة الكبرى مكتبة القاهرة الكبرى 03/26/2014   004.019\S I 26279 03/26/2014 03/26/2014 كتاب

Powered By

EGPV